Famous Works of Philosophy to Author - Statistics

General Stats
  • This quiz has been taken 123 times
  • The average score is 9 of 14
Answer Stats
Hint Answer % Correct
Das Kapital Karl Marx
86%
The Republic Plato
81%
Critique of Pure Reason Immanuel Kant
75%
The Myth of Sisyphus Albert Camus
74%
Leviathan Thomas Hobbes
73%
The Wealth of Nations Adam Smith
70%
Utilitarianism John Stuart Mill
69%
The Monadology Gotfriedd Leibniz
61%
The Gay Science Fredrich Nietzsche
60%
Meditations on First Philosophy Rene Descartes
56%
A Treatise of Human Nature David Hume
51%
Being and Time Martin Heideger
49%
Ethics Baruch Spinoza
45%
An Essay Concerning Human Understanding John Locke
30%
No matching quizzes found
Score Distribution
Percent of People with Each Score
Percentile by Number Answered
Your Score History
You have not taken this quiz